[Event "Wch Seniors 08th"]
[Site "Grieskirchen"]
[Date "1998.11.15"]
[Round "6"]
[White "Hund, Gerhard"]
[Black "Golasz, Josef"]
[Result "1-0"]
[WhiteElo "1962"]
[BlackElo "1769"]
[PlyCount "67"]
[EventDate "1998.11.08"]
[EventType "swiss"]
[EventRounds "11"]
[EventCountry "AUT"]
[SourceTitle "CBM 067 Extra"]
[Source "ChessBase"]
[SourceDate "1999.01.01"]
[SourceVersion "1"]
[SourceVersionDate "1999.01.01"]
[SourceQuality "1"]

1. c4 Nf6 2. Nf3 c5 3. Nc3 Nc6 4. e4 e5 5. d3 h6 6. Rb1 a5 7. Be2 d6 8. 0-0 Bd7 9. Ne1 g5 10. Nc2 h5 11. Bxg5 Be7 12. Bxf6 Bxf6 13. Nd5 Bg5 14. Bxh5 Be6 15. Bg4 Bxd5 16. cxd5 Ne7 17. Ne3 Ng6 18. Qa4+ Ke7 19. Nf5+ Kf6 20. g3 Rh7 21. f3 Qb6 22. Qb3 Qa7 23. Rf2 c4 24. Qa3 Rd8 25. Rbf1 cxd3 26. f4 Nxf4 27. gxf4 Bxf4 28. h3 d2 29. Kg2 Qb6 30. Rxf4 exf4 31. Qc3+ Kg6 32. Ne7+ Kg5 33. h4+ Kxh4 34. Qf6+ 1-0